000 00871nas a2200289 4500
001 BR0003344
003 BR-BrBNA
005 20231205101934.0
007 ta
008 230509b bl.|||p| |||| 00| 00por d
040 _aBR-BrBNA
_bpor
_cBiblioteca Nacional de Agricultura
041 _a(Pt)
072 _aF03
100 1 _aTorres, S.B.
100 1 _aCaseiro, R.F.
100 1 _aRodo, A.B.
100 1 _aMarcos-Filho, J.
245 1 _aTestes de vigor em sementes de maxixe (Cucumis anguria L.)com enfase ao teste de condutividade eletrica
650 _aMaxixe
650 _aSemente
650 _aTeste de Vigor
650 _aCondutividade Eletrica
650 _aQualidade
773 0 _tRevista Brasileira de Sementes (Brazil)
_xISSN 0101-3122
_g(1998), v. 20(2) p. 480-483
_wBR0003344
909 _a202311
_bLúcia
_c55
_dLúcia Elande
942 _2AGRIS
_n0
_cANA
999 _c164822
_d164822